|
|
|
|
| LEADER |
00000nam0a2200000 4500 |
| 001 |
94456 |
| 005 |
20231101213941.0 |
| 035 |
|
|
|a (RuTPU)RU\TPU\book\101187
|
| 090 |
|
|
|a 94456
|
| 100 |
|
|
|a 20060411d1989 k y0rusy50 ca
|
| 101 |
0 |
|
|a rus
|
| 102 |
|
|
|a RU
|
| 105 |
|
|
|a a z 001zy
|
| 200 |
1 |
|
|a Виброакустические поля сложных объектов и их диагностика
|e сборник научных трудов
|f Академия наук СССР, Институт прикладной физики ; отв. ред. Б. М. Салин
|
| 210 |
|
|
|a Горький
|c ИПФ АН СССР
|d 1989
|
| 215 |
|
|
|a 235 с.
|c ил.
|
| 320 |
|
|
|a Библиогр. в конце ст.
|
| 606 |
1 |
|
|a Виброизмерения
|x (акустика)
|2 stltpush
|3 (RuTPU)RU\TPU\subj\38209
|9 58863
|
| 610 |
1 |
|
|a сложные объекты
|
| 610 |
1 |
|
|a виброакустические поля
|
| 610 |
1 |
|
|a диагностика
|
| 610 |
1 |
|
|a неоднородные системы
|
| 610 |
1 |
|
|a излучения
|
| 610 |
1 |
|
|a вибрации
|
| 610 |
1 |
|
|a виброакустические исследования
|
| 675 |
|
|
|a 534.6
|v 3
|
| 702 |
|
1 |
|a Салин
|b Б. М.
|4 340
|
| 712 |
0 |
2 |
|a Академия наук СССР
|b Институт прикладной физики
|c (Нижний Новгород)
|2 stltpush
|3 (RuTPU)RU\TPU\col\11346
|9 25051
|
| 801 |
|
1 |
|a RU
|b 63413507
|c 20060411
|g PSBO
|
| 801 |
|
2 |
|a RU
|b 63413507
|c 20200910
|g RCR
|
| 942 |
|
|
|c BK
|